1k+ Localities in Sicily - Statistics

General Stats
  • This quiz has been taken 171 times
  • The average score is 55 of 412
Answers on the Map
Answers color-coded by a green-red scale on the quiz's map according to % correct below.
 
Answer Stats
Province Population Answer % Correct
Messina 199,223 Messina
83%
Catania 296,286 Catania
81%
Palermo 626,491 Palermo
81%
Trapani 54,253 Trapani
75%
Ragusa 61,316 Ragusa
72%
Siracusa 93,146 Siracusa
72%
Enna 22,002 Enna
69%
Trapani 77,561 Marsala
67%
Agrigento 29,518 Agrigento
61%
Caltanissetta 52,662 Caltanissetta
61%
Palermo 10,925 Cefalù
61%
Caltanissetta 69,668 Gela
53%
Messina 5,194 Taormina
50%
Agrigento 4,965 Lampedusa
47%
Messina 29,390 Milazzo
47%
Ragusa 39,121 Modica
47%
Trapani 46,251 Mazara del Vallo
44%
Siracusa 17,600 Noto
44%
Agrigento 34,593 Sciacca
42%
Ragusa 51,435 Vittoria
42%
Trapani 25,037 Castelvetrano
39%
Palermo 9,462 Corleone
39%
Trapani 2,459 Favignana
39%
Messina 6,532 Giardini-Naxos
39%
Palermo 21,290 Monreale
39%
Trapani 2,998 San Vito Lo Capo
39%
Trapani 43,575 Alcamo
36%
Messina 4,443 Lipari
36%
Catania 48,328 Acireale
33%
Siracusa 28,657 Augusta
33%
Palermo 50,698 Bagheria
33%
Messina 32,624 Barcellona Pozzo di Gotto
33%
Catania 32,581 Caltagirone
31%
Agrigento 32,749 Licata
31%
Ragusa 18,011 Pozzallo
31%
Palermo 21,150 Termini Imerese
31%
Catania 17,475 Aci Castello
28%
Agrigento 31,400 Canicattì
28%
Palermo 6,897 Castelbuono
28%
Ragusa 5,277 Marina di Ragusa
28%
Enna 9,023 Nicosia
28%
Trapani 3,443 Pantelleria
28%
Messina 8,891 Patti
28%
Messina 11,773 Capo d'Orlando
25%
Trapani 12,554 Castellammare del Golfo
25%
Ragusa 14,073 Ispica
25%
Siracusa 21,574 Lentini
25%
Agrigento 10,835 Menfi
25%
Enna 16,539 Piazza Armerina
25%
Caltanissetta 20,113 San Cataldo
25%
Siracusa 27,994 Avola
22%
Trapani 9,435 Campobello di Mazara
22%
Palermo 1,411 Cannizzaro
22%
Palermo 11,041 Capaci
22%
Palermo 38,511 Carini
22%
Agrigento 30,443 Favara
22%
Catania 22,895 Giarre
22%
Palermo 18,356 Misilmeri
22%
Caltanissetta 23,664 Niscemi
22%
Trapani 8,517 Paceco
22%
Siracusa 19,737 Pachino
22%
Trapani 9,333 Partanna
22%
Catania 44,232 Paternò
22%
Agrigento 15,281 Porto Empedocle
22%
Trapani 7,035 Salemi
22%
Messina 4,074 Spadafora
22%
Messina 7,541 Villafranca Tirrena
22%
Catania 33,092 Adrano
19%
Agrigento 7,626 Aragona
19%
Messina 4,848 Brolo
19%
Catania 17,171 Bronte
19%
Palermo 6,698 Caccamo
19%
Trapani 3,995 Calatafimi
19%
Messina 1,553 Caronia
19%
Ragusa 26,807 Comiso
19%
Palermo 7,084 Isola delle Femmine
19%
Catania 7,400 Nicolosi
19%
Palermo 27,317 Partinico
19%
Trapani 6,387 Valderice
19%
Catania 16,835 Belpasso
17%
Palermo 5,791 Campofelice di Roccella
17%
Messina 2,134 Canneto
17%
Ragusa 4,225 Chiaramonte Gulfi
17%
Palermo 1,736 Finale
17%
Siracusa 20,733 Floridia
17%
Messina 3,534 Francavilla di Sicilia
17%
Palermo 5,486 Gangi
17%
Messina 2,193 Giammoro
17%
Palermo 1,205 Isnello
17%
Catania 47,421 Misterbianco
17%
Messina 2,040 Oliveri
17%
Catania 1,668 Palazzolo
17%
Palermo 2,328 Petralia Sottana
17%
Palermo 5,331 Piana degli Albanesi
17%
Agrigento 10,345 Ravanusa
17%
Messina 1,255 Rodì
17%
Messina 1,142 Rodia
17%
Agrigento 5,102 Sambuca di Sicilia
17%
Messina 1,814 San Filippo del Mela
17%
Messina 9,313 Sant'Agata di Militello
17%
Messina 4,011 Santo Stefano di Camastra
17%
Messina 1,232 Saponara
17%
Ragusa 15,492 Scicli
17%
Palermo 10,250 Terrasini
17%
Messina 7,184 Torregrotta
17%
Palermo 18,674 Villabate
17%
Catania 23,839 Aci Catena
14%
Catania 10,352 Aci Sant'Antonio
14%
Messina 4,908 Acquedolci
14%
Palermo 3,153 Alia
14%
Enna 2,929 Calascibetta
14%
Catania 3,418 Carrubazza
14%
Trapani 21,422 Casa Santa
14%
Messina 1,703 Castanea delle Furie
14%
Agrigento 6,600 Casteltermini
14%
Palermo 11,201 Cinisi
14%
Palermo 3,110 Collesano
14%
Messina 2,399 Falcone
14%
Messina 3,366 Faro Superiore
14%
Palermo 1,636 Geraci Siculo
14%
Messina 2,996 Gioiosa Marea
14%
Catania 2,009 Lavinaio
14%
Enna 12,044 Leonforte
14%
Messina 2,731 Letojanni
14%
Messina 2,236 Merì
14%
Catania 6,621 Militello in Val di Catania
14%
Messina 4,304 Mistretta
14%
Caltanissetta 8,582 Mussomeli
14%
Messina 3,488 Nizza di Sicilia
14%
Agrigento 20,341 Palma di Montechiaro
14%
Palermo 2,795 Polizzi Generosa
14%
Siracusa 3,310 Portopalo di Capo Passero
14%
Palermo 3,709 Prizzi
14%
Agrigento 11,270 Raffadali
14%
Catania 9,544 Randazzo
14%
Agrigento 16,393 Ribera
14%
Messina 5,122 Rometta Marea
14%
Siracusa 19,000 Rosolini
14%
Messina 3,259 San Fratello
14%
Catania 1,597 San Giovanni
14%
Palermo 1,162 San Mauro Castelverde
14%
Ragusa 7,744 Santa Croce Camerina
14%
Messina 1,354 Tonnarella
14%
Messina 1,611 Tusa
14%
Enna 4,098 Aidone
11%
Messina 1,670 Alcara Li Fusi
11%
Palermo 1,716 Alimena
11%
Messina 2,264 Alì Terme
11%
Palermo 5,859 Balestrate
11%
Catania 22,455 Biancavilla
11%
Agrigento 2,985 Bivona
11%
Palermo 1,135 Bompietro
11%
Catania 3,892 Calatabiano
11%
Palermo 3,439 Caltavuturo
11%
Agrigento 5,120 Cammarata
11%
Agrigento 8,761 Campobello di Licata
11%
Messina 2,672 Capizzi
11%
Siracusa 8,944 Carlentini
11%
Palermo 10,556 Casteldaccia
11%
Enna 1,732 Cerami
11%
Palermo 4,685 Cerda
11%
Messina 1,142 Curcuraci
11%
Caltanissetta 3,783 Delia
11%
Messina 1,814 Furnari
11%
Messina 3,006 Gaggi
11%
Messina 1,313 Graniti
11%
Catania 25,114 Gravina di Catania
11%
Messina 1,268 Gualtieri Sicaminò
11%
Palermo 2,761 Lascari
11%
Palermo 6,149 Lercara Friddi
11%
Messina 1,171 Longi
11%
Ragusa 1,178 Marina di Modica
11%
Catania 9,706 Mascali
11%
Caltanissetta 10,433 Mazzarino
11%
Messina 1,119 Monforte San Giorgio
11%
Messina 1,274 Montalbano Elicona
11%
Agrigento 6,681 Naro
11%
Messina 3,178 Pace del Mela
11%
Enna 5,966 Pietraperzia
11%
Siracusa 10,984 Priolo Gargallo
11%
Caltanissetta 1,568 Resuttano
11%
Trapani 1,576 Salaparuta
11%
Messina 1,562 San Pier Niceto
11%
Catania 9,337 Sant'Agata Li Battiati
11%
Messina 3,842 Santa Lucia del Mela
11%
Trapani 4,581 Santa Ninfa
11%
Messina 8,287 Santa Teresa di Riva
11%
Messina 1,634 Saponara Marittima
11%
Ragusa 4,832 Scoglitti
11%
Catania 15,585 Scordia
11%
Messina 4,977 Terme
11%
Messina 4,002 Torrenova
11%
Messina 3,171 Tortorici
11%
Catania 10,787 Trecastagni
11%
Enna 7,975 Troina
11%
Enna 3,645 Villarosa
11%
Catania 9,257 Zafferana Etnea
11%
Ragusa 8,947 Acate
8%
Catania 3,499 Aci Bonaccorsi
8%
Enna 6,986 Agira
8%
Palermo 1,079 Aliminusa
8%
Palermo 5,221 Altavilla Milicia
8%
Palermo 6,301 Altofonte
8%
Palermo 9,648 Belmonte Mezzagno
8%
Palermo 3,051 Bolognetta
8%
Siracusa 1,702 Buccheri
8%
Caltanissetta 3,769 Butera
8%
Agrigento 2,676 Caltabellotta
8%
Agrigento 1,840 Camastra
8%
Catania 3,306 Camporotondo Etneo
8%
Siracusa 6,222 Canicattini Bagni
8%
Messina 1,078 Castel di Lucio
8%
Palermo 2,757 Castellana Sicula
8%
Messina 1,243 Castell'Umberto
8%
Agrigento 3,199 Cattolica Eraclea
8%
Ragusa 1,201 Caucana
8%
Enna 4,647 Centuripe
8%
Messina 1,945 Cesarò
8%
Siracusa 2,264 Ferla
8%
Messina 1,133 Fiumedinisi
8%
Trapani 1,097 Fulgatore
8%
Messina 2,802 Furci Siculo
8%
Messina 1,700 Galati Mamertino
8%
Messina 1,147 Giampilieri
8%
Ragusa 2,523 Giarratana
8%
Palermo 1,542 Giuliana
8%
Catania 12,289 Grammichele
8%
Messina 1,924 Larderia
8%
Catania 4,780 Linguaglossa
8%
Agrigento 1,715 Lucca Sicula
8%
Catania 3,436 Maletto
8%
Trapani 1,154 Marausa
8%
Caltanissetta 1,572 Marianopoli
8%
Palermo 5,916 Marineo
8%
Catania 31,928 Mascalucia
8%
Messina 1,236 Mazzarrà Sant'Andrea
8%
Palermo 2,277 Mezzojuso
8%
Palermo 4,573 Montelepre
8%
Palermo 2,957 Montemaggiore Belsito
8%
Ragusa 2,647 Monterosso Almo
8%
Catania 15,504 Palagonia
8%
Palermo 1,771 Palazzo Adriano
8%
Siracusa 7,657 Palazzolo Acreide
8%
Catania 14,555 Pedara
8%
Trapani 6,759 Petrosino
8%
Catania 1,066 Petrosino
8%
Messina 1,135 Pettineo
8%
Messina 1,021 Pianoconte
8%
Catania 3,157 Piedimonte Etneo
8%
Catania 9,921 Ramacca
8%
Agrigento 3,151 Realmonte
8%
Enna 6,089 Regalbuto
8%
Catania 11,300 Riposto
8%
Palermo 1,987 Roccapalumba
8%
Agrigento 7,203 San Giovanni Gemini
8%
Catania 23,623 San Giovanni la Punta
8%
Palermo 7,278 San Giuseppe Jato
8%
Catania 5,083 San Gregorio di Catania
8%
Messina 1,637 San Marco d'Alunzio
8%
Caltanissetta 4,670 Santa Caterina Villarmosa
8%
Agrigento 2,049 Santa Elisabetta
8%
Palermo 9,362 Santa Flavia
8%
Messina 1,274 Sant'Alessio Siculo
8%
Agrigento 5,844 Santa Margherita di Belice
8%
Agrigento 1,060 Sant'Angelo Muxaro
8%
Messina 1,242 San Teodoro
8%
Palermo 2,401 Sciara
8%
Agrigento 3,933 Siculiana
8%
Siracusa 6,845 Solarino
8%
Caltanissetta 6,058 Sommatino
8%
Siracusa 7,762 Sortino
8%
Palermo 2,258 Torretta
8%
Palermo 2,738 Trappeto
8%
Trapani 1,605 Tre Fontane
8%
Enna 6,737 Valguarnera Caropepe
8%
Catania 4,995 Valverde
8%
Messina 3,477 Venetico Marina
8%
Catania 7,113 Viagrande
8%
Palermo 2,207 Vicari
8%
Palermo 2,877 Villafrati
8%
Agrigento 2,166 Alessandria della Rocca
6%
Enna 3,437 Assoro
6%
Enna 11,440 Barrafranca
6%
Catania 1,545 Belvedere
6%
Agrigento 2,473 Burgio
6%
Caltanissetta 2,504 Campofranco
6%
Catania 1,606 Castel di Judica
6%
Palermo 2,558 Castronuovo di Sicilia
6%
Enna 4,139 Catenanuova
6%
Messina 4,186 Chianchitta
6%
Palermo 2,301 Chiusa Sclafani
6%
Agrigento 2,855 Cianciana
6%
Palermo 1,432 Contessa Entellina
6%
Trapani 3,709 Custonaci
6%
Ragusa 3,533 Donnalucata
6%
Palermo 12,772 Ficarazzi
6%
Catania 8,964 Fiumefreddo Sicilia
6%
Siracusa 1,374 Fontane Bianche
6%
Siracusa 11,483 Francofonte
6%
Enna 3,133 Gagliano Castelferrato
6%
Palermo 1,940 Giardinello
6%
Messina 1,244 Gliaca
6%
Palermo 1,005 Godrano
6%
Agrigento 5,058 Grotte
6%
Catania 2,673 Licodia Eubea
6%
Catania 3,797 Mazzarrone
6%
Siracusa 6,413 Melilli
6%
Catania 4,226 Mineo
6%
Caltanissetta 1,371 Montedoro
6%
Catania 9,434 Motta Sant'Anastasia
6%
Enna 2,100 Nissoria
6%
Trapani 3,738 Nuova Gibellina
6%
Messina 3,085 Olivarella
6%
Ragusa 2,124 Pedalino
6%
Catania 2,751 Raddusa
6%
Catania 3,890 Ragalna
6%
Caltanissetta 10,333 Riesi
6%
Messina 4,087 Rocca di Capri Leone
6%
Messina 3,076 Roccalumera
6%
Agrigento 2,731 San Biagio Platani
6%
Palermo 4,572 San Cipirello
6%
Catania 2,369 San Cono
6%
Messina 1,887 San Giorgio
6%
Messina 1,801 San Piero Patti
6%
Catania 1,380 Sant'Alfio
6%
Catania 6,793 Santa Maria di Licodia
6%
Messina 1,358 Sant'Angelo di Brolo
6%
Catania 4,897 Santa Venerina
6%
Agrigento 3,662 Santo Stefano Quisquina
6%
Caltanissetta 5,050 Serradifalco
6%
Caltanissetta 1,147 Sutera
6%
Palermo 8,844 Trabia
6%
Catania 13,127 Tremestieri Etneo
6%
Palermo 3,160 Valledolmo
6%
Caltanissetta 2,952 Vallelunga Pratameno
6%
Agrigento 1,328 Villafranca Sicula
6%
Caltanissetta 1,389 Villalba
6%
Trapani 1,794 Vita
6%
Palermo 1,627 Agliandroni
3%
Palermo 1,757 Baucina
3%
Siracusa 6,214 Belvedere
3%
Palermo 3,928 Bisacquino
3%
Palermo 6,108 Borgetto
3%
Siracusa 1,262 Brucoli
3%
Trapani 2,311 Buseto Palizzolo
3%
Agrigento 1,154 Calamonaci
3%
Palermo 1,139 Campofiorito
3%
Palermo 2,880 Camporeale
3%
Catania 6,704 Canalicchio
3%
Catania 1,421 Carruba
3%
Siracusa 4,605 Cassibile
3%
Catania 1,551 Castiglione di Sicilia
3%
Agrigento 2,507 Castrofilippo
3%
Catania 2,957 Cerza
3%
Messina 2,322 Chianchitta
3%
Palermo 3,151 Ciminna
3%
Messina 1,087 Cresta
3%
Palermo 1,597 Giacalone
3%
Agrigento 1,077 Giardina Gallotti
3%
Messina 1,532 Guidomandri Marina
3%
Catania 2,804 Linera
3%
Catania 2,313 Maugeri
3%
Caltanissetta 2,405 Milena
3%
Catania 4,150 Mirabella Imbaccari
3%
Agrigento 2,112 Montallegro
3%
Agrigento 2,693 Montevago
3%
Catania 1,213 Pennisi
3%
Catania 4,239 Piano Tavola
3%
Catania 1,496 Piano Tavola
3%
Agrigento 6,211 Racalmuto
3%
Palermo 1,386 Roccamena
3%
Trapani 2,186 San Ciro
3%
Catania 2,814 San Michele di Ganzaria
3%
Catania 7,946 San Pietro Clarenza
3%
Catania 4,859 Santa Maria la Stella
3%
Messina 1,166 Sfaranda
3%
Messina 1,639 Sinagra
3%
Trapani 1,761 Triscina
3%
Palermo 1,770 Ventimiglia di Sicilia
3%
Messina 1,024 Vigliatore 2
3%
Palermo 2,052 Villa Ciambra
3%
Agrigento 5,493 Villaseta
3%
Siracusa 3,047 Villasmundo
3%
Catania 5,376 Vizzini
3%
Ragusa 1,737 Campanella
0%
Siracusa 6,041 Carlentini Nord
0%
Siracusa 1,874 Carrozziere
0%
Trapani 1,054 Castelluzzo
0%
Ragusa 1,962 Cava d'Aliga
0%
Palermo 6,397 Ciaculli
0%
Trapani 1,659 Ciavolo
0%
Siracusa 2,592 Città Giardino
0%
Trapani 1,750 Marinella
0%
Catania 1,626 Nunziata
0%
Trapani 1,281 Nuovo Centro Urbano Poggioreale
0%
Catania 2,049 Paradiso degli aranci
0%
Siracusa 1,233 Pedagaggi
0%
Palermo 2,634 Piano dei Geli
0%
Palermo 2,155 Piano Maglio
0%
Palermo 2,633 Pioppo
0%
Palermo 5,625 Portella di Mare
0%
Trapani 1,320 Rigaletta
0%
Trapani 2,490 Rilievo
0%
Agrigento 14,844 San Leone Mosè
0%
Palermo 1,027 San Martino delle Scale
0%
Ragusa 1,168 Santa Maria del Focallo
0%
Trapani 1,447 Sasi
0%
Palermo 2,360 Torre Colonna
0%
Catania 1,386 Vaccarizzo
0%
Catania 1,481 Vambolieri
0%
Catania 1,115 Vambolieri I
0%
Catania 1,998 Villaggio del Pino
0%
No matching quizzes found
Score Distribution
Percent of People with Each Score
Percentile by Number Answered
Your Score History
You have not taken this quiz